Name the Alliance - Statistics

General Stats
  • This quiz has been taken 29,907 times
    21,065 since last reset
  • The average score is 12 of 20
Answer Stats
Description Answer % Correct
Military alliance between the US, Canada, and European allies NATO
97%
Germany, Italy, and Japan in WWII {Axis} Powers
90%
Group of nations which has a blue flag with 12 golden stars {European} Union
84%
Communist version of the above {Warsaw} Pact
83%
Marvel superhero team composed of Iron Man, Hulk, and pals Avengers
74%
Group of nine heroes in Middle Earth Fellowship of the {Ring}
74%
DC comics superhero team {Justice} League
73%
Harry Potter good guys Order of the {Phoenix}
72%
Group of 55 nations with its headquarters in Addis Ababa {African} Union
66%
Cartel of oil-exporting nations OPEC
64%
Originally composed of Brazil, Russia, India, and China, it has since added several new members BRICS
63%
Group of seven advanced economies (formerly eight before kicking Russia out) G7
60%
Germany and its allies in WWI {Central} Powers
53%
In "Star Wars", they resist the Galactic Empire {Rebel} Alliance
51%
Intelligence gathering group consisting of the US, UK, Canada, Australia, and New Zealand {Five} Eyes
36%
Trade confederation of towns along the Baltic and North Seas in the Middle Ages {Hanseatic} League
36%
Star Trek alliance with Earth, Vulcan, and others United {Federation} of Planets
31%
Alliance between France and Britain signed in 1904 {Entente} cordiale
31%
It joined Denmark, Sweden, and Norway under a single monarch {Kalmar} Union
23%
Alliance of Greek city-states under the hegemony of Athens {Delian} League
10%
No matching quizzes found
Score Distribution
Percent of People with Each Score
Percentile by Number Answered
Your Score History
You have not taken this quiz since the last reset